<?xml version="1.0" encoding="UTF-8"?><?xml-stylesheet type="text/xsl" href="static/style.xsl"?><OAI-PMH xmlns="http://www.openarchives.org/OAI/2.0/" xmlns:xsi="http://www.w3.org/2001/XMLSchema-instance" xsi:schemaLocation="http://www.openarchives.org/OAI/2.0/ http://www.openarchives.org/OAI/2.0/OAI-PMH.xsd"><responseDate>2026-04-17T13:53:40Z</responseDate><request verb="GetRecord" identifier="oai:www.recercat.cat:2117/359161" metadataPrefix="marc">https://recercat.cat/oai/request</request><GetRecord><record><header><identifier>oai:recercat.cat:2117/359161</identifier><datestamp>2025-07-17T16:40:27Z</datestamp><setSpec>com_2072_1033</setSpec><setSpec>col_2072_452951</setSpec></header><metadata><record xmlns="http://www.loc.gov/MARC21/slim" xmlns:dcterms="http://purl.org/dc/terms/" xmlns:xsi="http://www.w3.org/2001/XMLSchema-instance" xmlns:doc="http://www.lyncode.com/xoai" xsi:schemaLocation="http://www.loc.gov/MARC21/slim http://www.loc.gov/standards/marcxml/schema/MARC21slim.xsd">
   <leader>00925njm 22002777a 4500</leader>
   <datafield ind2=" " ind1=" " tag="042">
      <subfield code="a">dc</subfield>
   </datafield>
   <datafield ind2=" " ind1=" " tag="720">
      <subfield code="a">Crane Álvarez, Jonathan-Thomas</subfield>
      <subfield code="e">author</subfield>
   </datafield>
   <datafield ind2=" " ind1=" " tag="260">
      <subfield code="c">2021-10-27</subfield>
   </datafield>
   <datafield ind2=" " ind1=" " tag="520">
      <subfield code="a">Este edificio representa parte del patrimonio histórico-cultural del pueblo, al lado del puente viejo y al borde del rio. Actualmente es sede de varias agrupaciones y acoge diversos espacios culturales y de uso comunitario, aunque sin conexión real entre ellas aparte de estar contenidas en el mismo edificio.&#xd;
Este proyecto pretende abrir este edificio  al pueblo y que pueda contener una nueva conexión con el río. Se pretende mantener también su uso comunitario pero intentando reagruparlo y hacer que funcione unitariamente alrededor del patio interior del edificio Por lo tanto el espacio público pasará a formar parte importante del recorrido en el edificio existente y el mayor requerimiento pasará a ser la accesibilidad para todos los usuarios.&#xd;
En definitiva esta propuesta tarta los límites entre la cota del pueblo y la del río intentando poner en valor un edificio de un valor histórico indiscutible para Sallent</subfield>
   </datafield>
   <datafield tag="653" ind2=" " ind1=" ">
      <subfield code="a">Àrees temàtiques de la UPC::Arquitectura::Tipologies d'edificis</subfield>
   </datafield>
   <datafield tag="653" ind2=" " ind1=" ">
      <subfield code="a">Arts facilities</subfield>
   </datafield>
   <datafield tag="653" ind2=" " ind1=" ">
      <subfield code="a">Torres Amat</subfield>
   </datafield>
   <datafield tag="653" ind2=" " ind1=" ">
      <subfield code="a">Equipaments culturals</subfield>
   </datafield>
   <datafield ind2="0" ind1="0" tag="245">
      <subfield code="a">Torres Amat, Casa de las Artes y la Cultura en Sallent</subfield>
   </datafield>
</record></metadata></record></GetRecord></OAI-PMH>